Normal view
MARC view
Entry Topical Term
001 - CONTROL NUMBER
- control field: 6832
003 - CONTROL NUMBER IDENTIFIER
- control field: BD-RjUL
005 - DATE AND TIME OF LATEST TRANSACTION
- control field: 20230205120807.0
008 - FIXED-LENGTH DATA ELEMENTS
- fixed length control field: 230205|| aca||aabn | a|a d
040 ## - CATALOGING SOURCE
- Original cataloging agency: BD-RjUL
- Transcribing agency: BD-RjUL
150 ## - HEADING--TOPICAL TERM
- Topical term or geographic name entry element: Fishes
- Form subdivision: Fishing
670 ## - SOURCE DATA FOUND
- Source citation: Work cat.: (BD-RjUL)81169: Ahsan, Md. Kamrul 6831, Isolation and molecular characterzation of bacteria from diseased farm fish /, 2015